Journal des Goncourt (Record no. 154490)

MARC details
000 -LEADER
campo de control de longitud fija 01737nam a22003255i 4500
001 - NÚMERO DE CONTROL
campo de control 154490
003 - IDENTIFICADOR DE NÚMERO DE CONTROL
campo de control ES-MaACL
005 - FECHA Y HORA DE LA ÚLTIMA TRANSACCIÓN
campo de control 20250902125915.0
008 - DATOS DE LONGITUD FIJA--INFORMACIÓN GENERAL
campo de control de longitud fija 040729m18951898fr |||| | fre d
040 ## - FUENTE DE CATALOGACIÓN
Centro catalogador/agencia de origen CAM
Lengua de catalogación spa
Centro/agencia transcriptor CAM
100 1# - ENTRADA PRINCIPAL--NOMBRE DE PERSONA
Nombre de persona Goncourt, Edmond de,
Fechas asociadas al nombre 1822-1896
9 (RLIN) 127377
245 10 - MENCIÓN DEL TÍTULO
Título Journal des Goncourt
Resto del título : mémoires de la vie littéraire.
260 ## - PUBLICACIÓN, DISTRIBUCIÓN, ETC.
Lugar de publicación, distribución, etc. Paris :
Nombre del editor, distribuidor, etc. G. Charpentier et E. Fasquelle,
Fecha de publicación, distribución, etc. 1895-1898.
300 ## - DESCRIPCIÓN FÍSICA
Extensión 9 v. ;
Dimensiones 18 cm.
490 1# - MENCIÓN DE SERIE
Mención de serie Premiére série
490 1# - MENCIÓN DE SERIE
Mención de serie Troisiéme série
490 1# - MENCIÓN DE SERIE
Mención de serie Bibliothèque-Charpentier ;
Designación de volumen o secuencia 1; 2; 3 ;
-- 1; 2; 3
490 1# - MENCIÓN DE SERIE
Mención de serie Deuxiéme série ;
Designación de volumen o secuencia 1; 2; 3
505 8# - NOTA DE CONTENIDO CON FORMATO
Nota de contenido con formato Contiene: T.I, 1851-1861 - T.II, 1862-1865 - T.III, 1866-1869 - T.IV, 1870-1871 - T.V, 1872-1877 - T.VI, 1878-1884 - T.VII, 1885-1888 - T.VIII, 1889-1891 - T.IX, 1892-1895
596 ## - NOTA AL PIE DE IMPRENTA
NOTA AL PIE DE IMPRENTA En el pie de imp. del t.V no consta el nombre del editor, si su dirección y serie.
597 ## - NOTA DE DESCRIPCIÓN FÍSICA
NOTA DE DESCRIPCIÓN FÍSICA T.I, 1895, Dixième mille (402 p.) - T.II, 1895, Dixième mille (340 p.) - T.III (369 p.) - T.IV, 1898, Septième mille (373 p.) - T.V, 1891, Sixième mille (355 p.) - T.VI, 1892, Cinquième mille (356 p.) - T.VII, 1894, Quatrième mille (336 p.) - T.VIII, 1895, Cinquième mille (300 p.) - T.IX, 1896, Sixième mille (428 p.)
598 ## - NOTA LOCAL
Nota local En el t.II no consta la mención de serie y número de la misma.
700 11 - ENTRADA AGREGADA--NOMBRE PERSONAL
Nombre de persona Goncourt, Jules de,
Fechas asociadas al nombre 1830-1870
9 (RLIN) 58231
830 0# - PUNTO DE ACCESO ADICIONAL DE SERIE-TÍTULO UNIFORME
Título uniforme Premiére série
9 (RLIN) 221497
830 0# - PUNTO DE ACCESO ADICIONAL DE SERIE-TÍTULO UNIFORME
Título uniforme Troisiéme série
9 (RLIN) 221498
830 00 - PUNTO DE ACCESO ADICIONAL DE SERIE-TÍTULO UNIFORME
Título uniforme Bibliothèque Charpentier
Designación de volumen o secuencia 1; 2; 3 ;
-- 1; 2; 3
9 (RLIN) 182245
830 0# - PUNTO DE ACCESO ADICIONAL DE SERIE-TÍTULO UNIFORME
Título uniforme Deuxiéme série ;
Designación de volumen o secuencia 1; 2; 3
9 (RLIN) 221499
852 ## - LOCALIZACIÓN
Ubicación ES-MaACL
Número de control de estantería G-15825-15833
Nota libre -- Enc. pasta española
condición física -- Falto de la port. el t.III
Holdings
Estatus retirado Estado de pérdida Estado de daño No para préstamo Colección Biblioteca de origen Biblioteca actual Ubicación en estantería Fecha de adquisición Fuente de adquisición Total de préstamos Signatura topográfica completa Código de barras Visto por última vez Precio de reemplazo Tipo de ítem Koha
        Libros del s. XIX Biblioteca del Ateneo de Madrid Biblioteca del Ateneo de Madrid Sala Pecera Planta 3 17/01/2008     G-15825-15833 1161569 23/02/2023 23/02/2023 Libro impreso antiguo